Statistics for Every Wrestler Given 5 or More Stars

Click here to take the quiz!

General Stats

  • This quiz has been taken 143 times
    (18 since last reset)
  • The average score is 54 of 217

Answer Stats

#Wrestler% Correct
2Shawn Michaels
92%
22Kazuchika Okada
85%
1John Cena
77%
19Kenny Omega
77%
1The Undertaker
77%
5Adam Cole
69%
1AJ Styles
69%
2CM Punk
69%
15Hiroshi Tanahashi
69%
9Matt Jackson
69%
9Nick Jackson
69%
2Bret Hart
62%
4Johnny Gargano
62%
13Kota Ibushi
62%
1Owen Hart
62%
1Seth Rollins
62%
1Tommaso Ciampa
62%
20Will Ospreay
62%
3Adam Page
54%
3Bryan Danielson
54%
3Cody Rhodes
54%
2Dustin Rhodes
54%
1Dusty Rhodes
54%
1Keith Lee
54%
3Lioness Asuka
54%
25Mitsuharu Misawa
54%
4Pentagon Jr.
54%
1Razor Ramon
54%
3Rey Mysterio Jr.
54%
11Ric Flair
54%
5Ricky Steamboat
54%
3Samoa Joe
54%
2Sting
54%
2Chris Jericho
46%
1Christopher Daniels
46%
1Chuck Taylor
46%
2Dragon Lee
46%
1Eddie Guerrero
46%
2Jon Moxley
46%
23Kenta Kobashi
46%
1Kyle O'Reilly
46%
1PAC
46%
6Rey Fenix
46%
2Ricochet
46%
1Roderick Strong
46%
2Stone Cold Steve Austin
46%
8Tetsuya Naito
46%
2Tyler Bate
46%
1Velveteen Dream
46%
4Walter
46%
3Aja Kong
38%
1Big Van Vader
38%
3Cash Wheeler
38%
3Cutie Suzuki
38%
3Dax Harwood
38%
1EC3
38%
1Eddie Kingston
38%
2Jay White
38%
1Lex Luger
38%
1Mika Suzuki
38%
2Minoru Suzuki
38%
2Ortiz
38%
2Santana
38%
1Trent
38%
1Trent Seven
38%
1Wild Pegasus
38%
1A-Kid
31%
15Akira Taue
31%
2Arn Anderson
31%
1Christian Cage
31%
1Dory Funk Jr.
31%
2Hiromu Takahashi
31%
2Ilja Dragunov
31%
1Jake Hager
31%
3Jushin Thunder Liger
31%
3Katsuyori Shibata
31%
1Killian Dain
31%
1Lars Sullivan
31%
1Luke Williams
31%
13Manami Toyota
31%
2Michael Elgin
31%
1Rick Rude
31%
1Sachiko Nakamura
31%
1Sammy Guevara
31%
2Sanada
31%
2Shinsuke Nakamura
31%
3Stan Hansen
31%
3Steve Williams
31%
2Terry Funk
31%
9Tomohiro Ishii
31%
6Zack Sabre Jr.
31%
1Andrade "Cien" Almas
23%
1Animal
23%
1Bruiser Brody
23%
1Donovan Dijak
23%
1Hawk
23%
2Hirooki Goto
23%
2Jay Briscoe
23%
8Jumbo Tsuruta
23%
7Jun Akiyama
23%
2Mark Briscoe
23%
1Michael Oku
23%
1Mika Takahashi
23%
13Shingo Takagi
23%
21Toshiaki Kawada
23%
1Tully Blanchard
23%
5Akira Hokuto
15%
3Bandido
15%
5Barry Windham
15%
1Brian Pillman
15%
1Bull Nakano
15%
1Butch Reed
15%
2Chigusa Nagayo
15%
1Daniel Garcia
15%
1El Hijo del Vikingo
15%
4Genichiro Tenryu
15%
1Jaguar Yokota
15%
1Jungle Boy
15%
2Juventud Guerrera
15%
1Kuniaki Kobayashi
15%
1Kushida
15%
8Kyoko Inoue
15%
1Luchasaurus
15%
1Naruki Doi
15%
2Nikita Koloff
15%
1Rick Steiner
15%
1Riki Chosu
15%
1Ryo Saito
15%
1Scott Steiner
15%
1Shinobu Kandori
15%
1Syuri
15%
1Taiji Ishimori
15%
4Takako Inoue
15%
1Taka Michinoku
15%
1Terry Gordy
15%
1 | 2The Great Sasuke
15%
1The War Machine
15%
1Tiger Mask
15%
1Utami Hayashishita
15%
1Yuji Nagata
15%
1Angelo Parker
8%
1Bobby Eaton
8%
1Butch Miller
8%
1Cima
8%
1Davey Richards
8%
1Dick Togo
8%
1Doug Furnas
8%
2Dynamite Kansai
8%
1Dynamite Kid
8%
2El Samurai
8%
1Giant Baba
8%
1Go Shiozaki
8%
1Jeff Cobb
8%
1Jordan Devlin
8%
1Kazuo Yamazaki
8%
2Keiji Mutoh
8%
2Larry Zbyszko
8%
1Marty Scurll
8%
1Matt Menard
8%
4Mayumi Ozaki
8%
1Men's Teioh
8%
1Naoki Sano
8%
1Paul Ellering
8%
1Psicosis
8%
1Rey Horus
8%
1Shoichi Funaki
8%
1Sid Vicious
8%
1Tamon Honda
8%
1Tommy Rogers
8%
1Tomoaki Honma
8%
6Toshiyo Yamada
8%
2Tsuyoshi Kikuchi
8%
1Yumi Ogura
8%
1Akira Maeda
0%
1Art Barr
0%
1Black Taurus
0%
1Bobby Fulton
0%
1Dan Kroffet
0%
1David Starr
0%
1Dragon Kid
0%
1El Hijo Del Santo
0%
1Etsuko Mita
0%
1Flamita
0%
1Geki Horiguchi
0%
1Gran Hamada
0%
1Gran Naniwa
0%
1Hikari Fukuoka
0%
2Johnny Ace
0%
1Kazue Nagahori
0%
1Kiyoshi Tamura
0%
1Koji Kanemoto
0%
2Laredo Kid
0%
6Masanobu Fuchi
0%
1Masato Yakushiji
0%
1Masato Yoshino
0%
1Matt Sydal
0%
1Mika Komatsu
0%
1Mima Shimoda
0%
1Mitsuko Nishiwaki
0%
2Nobuhiko Takada
0%
1Octagon
0%
1Puma King
0%
2Sakie Hasegawa
0%
1Samson Fuyuki
0%
1Saturo Asako
0%
1Shiro Koshinaka
0%
1Shiryu
0%
1Super Delfin
0%
1Takashi Lizuka
0%
1Takashi Suigura
0%
1Tiger Mask IV
0%
1Tsuyoshi Kohsaka
0%
1Yachiya Hirata
0%
2Yoshiaki Yatsu
0%
3Yoshinari Ogawa
0%
1Yumiko Hotta
0%

Score Distribution

Percentile by Number Answered

Percent of People with Each Score

Your Score History

You have not taken this quiz since the last reset